| 000 | 01435cam a2200133 4500500 | ||
|---|---|---|---|
| 005 | 20251214002630.0 | ||
| 041 | _afre | ||
| 042 | _adc | ||
| 100 | 1 | 0 |
_aJoly, Geneviève _eauthor |
| 245 | 0 | 0 | _aPrécis d'ancien français : Morphologie et syntaxe |
| 260 |
_bArmand Colin,
_c2018. |
||
| 520 | _aDestiné aux étudiants de lettres de licence et de master, et aussi à ceux qui préparent les concours du CAPES et de l’agrégation, ce manuel fournit les éléments indispensables au traitement des sujets proposés de façon récurrente aux examens et concours.Il se compose de trois grandes parties : les deux premières sont consacrées à la morphologie (nominale puis verbale) et la troisième à la syntaxe. En morphologie, chaque question est envisagée dans la double perspective synchronique et diachronique. La section syntaxe offre des « grilles » d’analyse préétablies : chaque chapitre propose un plan d’étude précis, illustré d’exemples empruntés aux œuvres « classiques » du Moyen Âge. Ce plan doit permettre d’identifier, de classer et de commenter toute occurrence rencontrée dans les textes inscrits aux programmes.Cette nouvelle édition est enrichie d’un nouveau chapitre sur le participe passé et des compléments sur la négation et les propositions relatives. | ||
| 856 | 4 | 1 | _uhttps://shs.cairn.info/precis-d-ancien-francais--9782200286163?lang=fr&redirect-ssocas=7080 |
| 999 |
_c1567231 _d1567231 |
||